000
00253nam a2200121Ia 4500
999
_c
3125
_d
3125
020
_a
13: 978-8129108548
082
_a
954.1
100
_a
Amaresh Misra
245
0
_a
Mangal Pandey
260
_a
New Delhi
_b
Rupa. Co
_c
2005
300
_a
106
942
_c
BK